000 00362nam a22001217a 4500
008 180419b xxu||||| |||| 00| 0 eng d
041 _aeng
080 _a043.3
100 _a0
101 _aINI-BTH
245 _aKrahasimi i bazës ligjore vendore me direktivat e BE-së për Mbrojtje dhe Siguri në punë në sektorin e Ndërtimit
_cAdemaj,N
942 _2udc
_cBK
999 _c45310
_d45310